Teología moral.
Guardat en:
| Autor principal: | |
|---|---|
| Format: | Llibre |
| Idioma: | anglès |
| Publicat: |
Burgos, España:
Ediciones Aldecoa,
1995-1996.
|
| Edició: | 2a. edición. |
| Col·lecció: | Facultad de Teología del Norte de España. Sede de Burgos,
|
| Matèries: | |
| Etiquetes: |
Afegir etiqueta
Sense etiquetes, Sigues el primer a etiquetar aquest registre!
|
MARC
| LEADER | 00000nam a22000007a 4500 | ||
|---|---|---|---|
| 003 | CL-VaPUC | ||
| 005 | 20231031094802.0 | ||
| 008 | 230824t1996 ||||| |||| 00| 0 eng d | ||
| 999 | |c 441706 |d 441704 | ||
| 020 | |a 84-7009-838-1 (v. I) | ||
| 020 | |a 84-7009-836-X (v. II) | ||
| 020 | |a 84-7009-380-0 (v. III) | ||
| 040 | |c Pontificia Universidad Católica de Valparaíso | ||
| 082 | |2 22 |a 241 FER 1995 (v.I) | ||
| 082 | |2 22 |a 241 FER 1996 (v.II) | ||
| 082 | |a 241 FER 1996 (v.III) | ||
| 100 | |9 362488 |a Fernández, Aurelio |e autor | ||
| 245 | |a Teología moral. | ||
| 250 | |a 2a. edición. | ||
| 260 | |a Burgos, España: |b Ediciones Aldecoa, |c 1995-1996. | ||
| 300 | |a 3 volúmenes. | ||
| 490 | |a Facultad de Teología del Norte de España. Sede de Burgos, |n 59-61. | ||
| 500 | |a c.1 Volumen I. Donación Sr. Jorge Precht Pizarro. 26-05-23. Biblioteca Teología. c.1 Volumen II. Donación Sr. Jorge Precht Pizarro. 26-05-23. Biblioteca Teología. c.1 Volumen III. Donación Sr. Jorge Precht Pizarro. 26-05-23. Biblioteca Teología. | ||
| 505 | |a v. I: Moral fundamental. v. II: Moral de la persona y de la familia. v. III: Moral social, económica y política. | ||
| 583 | |c 20230824 |k Yessy Sthefany Diaz Vidal | ||
| 650 | 0 | |9 464237 |a Moral cristiana | |
| 650 | 0 | |9 256617 |a Teología moral |x Deberes morales | |
| 650 | 0 | |a Ética cristiana |x Vida religiosa |9 308677 | |
| 942 | |2 ddc |c BK | ||
| 952 | |0 0 |1 0 |2 ddc |4 0 |6 241_000000000000000_FER_1996 |7 0 |8 A |9 591343 |a BIBTEO |b BIBTEO |c GEN |d 2023-08-24 |e Donación |h v.II |i 5658466 |o 241 FER 1996 |p 5658466 |r 2025-01-17 |t 1 |w 2023-08-24 |y BK |k ICR | ||
| 952 | |0 0 |1 0 |2 ddc |4 0 |6 241_000000000000000_FER_1996 |7 0 |8 A |9 591344 |a BIBTEO |b BIBTEO |c GEN |d 2023-08-24 |e Donación |h v. III |i 5658468 |o 241 FER 1996 |p 5658468 |r 2025-01-17 |t 1 |w 2023-08-24 |y BK |k ICR | ||
| 952 | |0 0 |1 0 |2 ddc |4 0 |6 241_000000000000000_FER_1995 |7 0 |8 A |9 591750 |a BIBTEO |b BIBTEO |d 2023-09-28 |e Donación |h v.I |i 5658843 |o 241 FER 1995 |p 5658843 |r 2025-01-17 |t 1 |w 2023-09-28 |y BK |k ICR | ||